| Tag |
First Indicator |
Second Indicator |
Subfields |
| LEADER |
00000nam a22000005i 4500 |
| 001 |
in00004390708 |
| 006 |
m o d |
| 007 |
cr nn 008mamaa |
| 008 |
210708s2021 si | o |||| 0|eng d |
| 005 |
20230330185237.3 |
| 020 |
|
|
|a 9789811610370
|
| 024 |
7 |
|
|a 10.1007/978-981-16-1037-0
|2 doi
|
| 035 |
|
|
|a (DE-He213)978-981-16-1037-0
|
| 035 |
|
|
|a in00004390708
|
| 050 |
|
4 |
|a RB1-214
|
| 072 |
|
7 |
|a MMF
|2 bicssc
|
| 072 |
|
7 |
|a MED067000
|2 bisacsh
|
| 072 |
|
7 |
|a MKF
|2 thema
|
| 082 |
0 |
4 |
|a 616.07
|2 23
|
| 245 |
1 |
0 |
|a Clinical Molecular Diagnostics /
|c edited by Shiyang Pan, Jinhai Tang.
|
| 250 |
|
|
|a 1st ed. 2021.
|
| 264 |
|
1 |
|a Singapore :
|b Springer Singapore :
|b Imprint: Springer,
|c 2021.
|
| 300 |
|
|
|a 1 online resource (XXVIII, 889 pages 144 illustrations, 137 illustrations in color.)
|
| 336 |
|
|
|a text
|b txt
|2 rdacontent
|
| 337 |
|
|
|a computer
|b c
|2 rdamedia
|
| 338 |
|
|
|a online resource
|b cr
|2 rdacarrier
|
| 347 |
|
|
|a text file
|b PDF
|2 rda
|
| 505 |
0 |
|
|a Part 1 Principles of Clinical Molecular Diagnostics -- 1 Molecules of Diseases and Their Detection Methods -- 2 Assay Performance Evaluation -- 3 Establishment of Biological Reference Interval -- 4 Ethics: Informed Consent, Patient Privacy -- 5 Bioinformatics -- 6 Report and Consultation -- 7 Factors Associated with Variation -- 8 Quality Control and Quality Assurance -- 9 Precision Medicine -- Part 2 Molecular Biomarkers and Signals from Diseased Functional Organ -- 10 Molecules in Body Systems -- 11 Molecules in Signal Pathways -- 12 Endocrine and Metabolism -- 13 Immune System -- 14 Lipoproteins -- 15 Transport and Carrier Proteins -- 16 Coagulation and Fibrinolysis -- 17 Cardiovascular System -- 18 Pregnancy -- 19 Urine -- 20 Bone -- 21 Cancer -- 22 Translation Research of Novel Biomarker -- Part 3 Advanced Molecular Diagnostic Techniques -- 23 Next-generation Sequencing (NGS) -- 24 Digital PCR -- 25 Biosensor -- 26 Microfluidic Chip -- 27 Liquid Biopsy -- 28 Molecular Targeted Imaging -- 29 Fluorescence in Situ Hybridization -- 30 Circulating DNA Quantification -- 31 DNA Methylation Detection Techniques -- Part 4 Disease Presentation and Clinical Laboratory Procedures -- 32 Immunological Disorders -- 33 Liver Diseases -- 34 Pancreatic Diseases -- 35 Digestive Tract Disease -- 36 Kidney Diseases -- 37 Cardiovascular Disease -- 38 Lung Disease -- 39 Blood Disorders -- 40 Endocrine and Metabolic Diseases -- 41 Neurological Disease -- 42 Reproductive Organ Cancer -- 43 Reproductive Organ Cancer -- 44 Transplant Matching -- 45 Paternity Test.
|
| 520 |
|
|
|a This book covers the discovery of molecular biomarkers, the development of laboratory testing techniques and their clinical applications, focusing on basic research to clinical practice. It introduces new and crucial knowledge and ethics of clinical molecular diagnosis. This book emphasizes the applications of clinical molecular diagnostic test on health management, especially from different diseased organs. It lets readers to understand and realize precision healthcare.
|
| 650 |
|
0 |
|a Pathology.
|
| 650 |
|
0 |
|a Laboratory medicine.
|
| 650 |
|
0 |
|a Oncology .
|
| 650 |
1 |
4 |
|a Pathology.
|0 https://scigraph.springernature.com/ontologies/product-market-codes/H4800X
|
| 650 |
2 |
4 |
|a Laboratory Medicine.
|0 https://scigraph.springernature.com/ontologies/product-market-codes/B15007
|
| 650 |
2 |
4 |
|a Oncology.
|0 https://scigraph.springernature.com/ontologies/product-market-codes/H33160
|
| 655 |
|
7 |
|a Electronic books.
|2 local
|
| 700 |
1 |
|
|a Pan, Shiyang.
|e editor.
|4 edt
|4 http://id.loc.gov/vocabulary/relators/edt
|
| 700 |
1 |
|
|a Tang, Jinhai.
|e editor.
|4 edt
|4 http://id.loc.gov/vocabulary/relators/edt
|
| 710 |
2 |
|
|a SpringerLink (Online service)
|
| 773 |
0 |
|
|t Springer Nature eBook
|
| 776 |
0 |
8 |
|i Printed edition:
|z 9789811610363
|
| 776 |
0 |
8 |
|i Printed edition:
|z 9789811610387
|
| 776 |
0 |
8 |
|i Printed edition:
|z 9789811610394
|
| 856 |
4 |
0 |
|u http://proxy.library.tamu.edu/login?url=https://doi.org/10.1007/978-981-16-1037-0
|z Connect to the full text of this electronic book
|t 0
|
| 950 |
|
|
|a Medicine (SpringerNature-11650)
|
| 950 |
|
|
|a Medicine (R0) (SpringerNature-43714)
|
| 955 |
|
|
|a Springer EBA Purchase
|
| 999 |
f |
f |
|s 12541deb-2beb-4f0d-aa80-08c1b7fac66e
|i bd3a4038-5868-3de6-ad67-c1b8cdd41a45
|t 0
|
| 952 |
f |
f |
|a Texas A&M University
|b College Station
|c Electronic Resources
|d Available Online
|t 0
|e RB1-214
|h Library of Congress classification
|
| 998 |
f |
f |
|a RB1-214
|t 0
|l Available Online
|